000 01123nam a22003377a 4500
003 CHAP
005 20220329141511.0
008 971013s1988 r 00010 d
010 _a69153
011 _a70125
035 _a79605
040 _cCHAP
090 _aFolleto 12364
100 0 0 _aFerrer Baccino, Milka.
_940399
245 _aInfluencia del rendimiento sobre la calidad del mosto en tres cultivares de Vitis vinifera L.
260 _aMontevideo :
_bUniversidad de la República. Fac. de Agronomía,
_c1988
300 _a24 p.
490 _aMonografía técnico-científica, 3
500 _a33-55
590 _aBATCH-UPD
_b10
_c20130110
_lUCH01
_h0302
590 _aBATCH-UPD
_b10
_c20130110
_lUCH01
_h1206
590 _aBATCH-UPD
_b10
_c20130409
_lUCH01
_h2333
590 _aBATCH-UPD
_b10
_c20130914
_lUCH01
_h1357
590 _aCONVERSION
_b10
_c20130109
_lUCH01
_h1338
650 1 4 _aUva
_xRendimiento.
_9117140
650 1 4 _aVino
_xElaboración.
_9119861
830 0 _aMonografía técnico-científica, 3
_977562
901 _aBK
942 _cFOLL
949 _aFolleto 12364
_bBC
_cFOLL
_d-32494
_eTS1
_i79605
_si
999 _c69153
_d69153